Politics in France

Guardat en:
Dades bibliogràfiques
Autor principal: Ehrmann, Henry W (Autor)
Format: Llibre
Idioma:anglès
Publicat: Boston Little, Brown 1971
Edició:2a. ed
Matèries:
Etiquetes: Afegir etiqueta
Sense etiquetes, Sigues el primer a etiquetar aquest registre!

MARC

LEADER 00000nam a2200000 a 4500
001 UCO7626
003 CL-VaPUC
008 001117e19710000US |||||||||||||||||eng|d
082 0 4 |a 320.944  |b EHR  |2 21 
100 0 |a Ehrmann, Henry W  |e author  |9 452215 
245 1 0 |a Politics in France 
250 |a 2a. ed 
300 |a 344 p 
942 |c BK 
945 |d 20001117 00:00:00  |a crobeson 
260 |a Boston  |b Little, Brown  |c 1971 
500 |a Donación del profesor Manfred Wilhelmy von Wolff 
650 0 |a Historia política  |9 256974 
650 7 |a CONDICIONES POLITICAS  |2 CL-VaPUC  |9 392006 
650 0 |a Socialización  |9 309940 
650 7 |a PARTICIPACION POLITICA  |2 CL-VaPUC  |9 452216 
650 0 |a Partidos políticos  |9 254999 
651 0 |a Francia  |9 255157 
583 |a last modification  |c 20001117 00:00:00  |k Rodrigo Vera 
999 |c 292514  |d 292512 
952 |0 0  |1 0  |4 0  |6 320_944000000000000_EHR_1971  |7 0  |8 A  |9 343433  |a BIBHIS  |b BIBHIS  |d 2019-11-20  |i 1229052  |o 320.944 EHR 1971  |p 1229052  |r 2025-01-20  |w 2019-11-20  |y BK  |k HIS